000 00775caa a22002417a 4500
999 _c422194
_d422194
001 133452
003 UA-OsUOA
005 20200104232353.0
007 ta
008 20181023b un ||||| |||| 00| 0 ukr d
040 _aUA-OsUOA
_brus
_cUA-OsUOA
_dUA-OsUOA
041 _arus
080 _a908
090 _a908
_bИ85
100 _aИсаевич Я. Д.
245 _aИздания Ивана Федорова в Румынии
_cЯ. Д. Исаевич
300 _aС. 5–11
650 7 _a908 Краєзнавство
_2UDC
773 0 _0320817
_9339441
_dЛьвів Наука 1987
_o72282
_tФедоровские чтения 1982
_w(UA-OsUOA) 34386
942 _cBKA
_2udc
955 _a1